| 000 | 00951nam a22002177a 4500 | ||
|---|---|---|---|
| 999 |
_c62414 _d62414 |
||
| 003 | Ge_BSU | ||
| 005 | 20241028102129.0 | ||
| 008 | 241028s2001 ge ||||| |||| 00| 0 geo d | ||
| 020 | _a9992884843 | ||
| 041 | _ageo | ||
| 080 | _a 615.1(075.8)მ-44 | ||
| 100 |
_aმახარაძე, ვლადიმერ _99752 |
||
| 245 |
_aფარმაციის ორგანიზაცია : _b [სახელმძღვ. ფარმაცევტ. ფაკ. სტუდ. / _cვლადიმერ მახარაძე, რედ. ვაჟა ერიაშვილი |
||
| 264 |
_aბათუმი : _bაჭარა, _c2001. |
||
| 300 |
_a413გვ. ; _b 20 სმ. |
||
| 504 | _aბიბლიოგრ.: გვ. 411. | ||
| 653 | _aფარმაცია. | ||
| 653 | _aმედიცინა | ||
| 700 |
_a ერიაშვილი, ვაჟა _eრედაქტორი _923521 |
||
| 942 |
_2udc _cBK |
||